000 00799na a2200277 4500
001 16453
003 MIRAKIL
005 20181213155228.0
008 161013b tu 000 0
020 _a9786051254852
035 _a16453
040 _aMilas
_btur
_cTR-AnCHP
041 _atur
082 _a956.54313
_bÖ92h 2012
090 _a956.54313 Ö92h 2012
100 _aÖzdemir, Mustafa
245 _aHacılar
_bKayseri hacılar
_cMustafa Özdemir
246 _aKayseri hacılar
250 _ayeniden düzenlenmiş 2. bs.
260 _aKayseri
_b[yayl.y.]
_c2012
_fÖnder Ofset
300 _a430 s.
_bres.
_c21 sm.
650 _aHacılar (Kayseri)
_xKültür ve sanat
650 _aHacılar (Kayseri)
_xEkonomik durum
651 _aKayseri Hacılar halkı
_xTarih
942 _2ddc
_cBKS
999 _c8929
_d8929